Vysoké školy na Slovensku - šance a riziká

Nové nároky na absolventov vysokých škôl (VŠ) v trhovom hospodárstve. Akú kvalitu ponúkajú slovenské vysoké školy. Absolventi sú väčšinou dobre teoreticky vybavení, ale nevedia sa orientovať v praxi. Potreba zmien štýlu a metód vyučovania. Vysoké školy musia presvedčiť firmy o vysokej úrovni inováci...

Ausführliche Beschreibung

Gespeichert in:
Bibliographische Detailangaben
1. Verfasser: Polák, Matej
Format: Buchkapitel
Sprache:Slowakisch
Schlagworte:
Tags: Tag hinzufügen
Keine Tags, Fügen Sie das erste Tag hinzu!

MARC

LEADER 00000naa$a2200000$$$4500
001 0039730
005 20240502071504.4
041 0 |a slo 
044 |a SK 
245 1 0 |a Vysoké školy na Slovensku - šance a riziká  |c Matej Polák 
520 |a Nové nároky na absolventov vysokých škôl (VŠ) v trhovom hospodárstve. Akú kvalitu ponúkajú slovenské vysoké školy. Absolventi sú väčšinou dobre teoreticky vybavení, ale nevedia sa orientovať v praxi. Potreba zmien štýlu a metód vyučovania. Vysoké školy musia presvedčiť firmy o vysokej úrovni inovácií vo vzdelávaní. Nová podnikateľská úloha vysokých škôl. Meranie kvality VŠ. Priveľa VŠ na Slovensku. 
610 2 0 |a školy vysoké 
610 2 0 |a absolventi 
610 2 0 |a vzdelávanie vysokoškolské 
610 2 0 |a inovácia 
610 2 0 |a kvalita 
610 2 0 |a teória a prax 
610 2 0 |a firmy 
610 2 0 |a Slovensko 
100 1 |a Polák, Matej